Estados de EE. UU. con la Elevación Promedio más Baja - Estadísticas

Estadísticas generales
  • Esta prueba ha sido intentada 39 veces
  • La puntuación promedio es 7 de 11
Estadísticas de respuestas
Elevación Estado % Correcto
30 m Florida
94%
30 m Luisiana
72%
91 m Misisipi
72%
61 m Rhode Island
72%
107 m Carolina del Sur
69%
152 m Alabama
64%
107 m Maryland
56%
76 m Nueva Jersey
56%
152 m Connecticut
53%
18 m Delaware
50%
152 m Massachusetts
47%
No se encontraron pruebas coincidentes
Distribución de puntuación
Porcentaje de gente con cada puntuación
Porcentaje por número respondido
Historial de tus puntuaciones
No has intentado esta prueba.